[Event "Arco op 44th"]
[Site "Arco"]
[Date "2022.10.15"]
[Round "8"]
[White "Beyeler, Ueli"]
[Black "Giacchino, Claudio"]
[Result "1-0"]
[WhiteElo "1280"]
[BlackElo "1473"]
[PlyCount "59"]
[EventDate "2022.10.08"]
[EventType "swiss"]
[EventRounds "9"]
[EventCountry "ITA"]
[SourceTitle "CBM 210 Extra"]
[Source "ChessBase"]
[SourceDate "2022.11.30"]
[SourceVersion "1"]
[SourceVersionDate "2022.11.30"]
[SourceQuality "1"]

1. e4 e5 2. Nf3 Nc6 3. Nc3 Nf6 4. d4 exd4 5. Nxd4 Ne5 6. Bf4 Ng6 7. Qd2 Nxf4 8. Qxf4 d6 9. g3 Be7 10. Bg2 0-0 11. 0-0 Rb8 12. Nf5 Bxf5 13. Qxf5 Nd7 14. Nd5 g6 15. Qg4 Nf6 16. Nxf6+ Bxf6 17. c3 c6 18. f4 Qb6+ 19. Rf2 Qd8 20. Re1 Bg7 21. f5 Qe7 22. Ref1 Be5 23. f6 Qe8 24. Rf5 Qe6 25. Qg5 Kh8 26. Bh3 Rg8 27. Qh6 gxf5 28. Bxf5 Rg6 29. Bxg6 fxg6 30. Qg7# 1-0